000 00689nam a2200157 4500
999 _c16377
_d16377
008 220202b ||||| |||| 00| 0 eng d
022 _a0893-8989
082 _aDPer 363.205 P75 Sept 2013-May 2016 v. 37 & 40, n. 9-11/1-5
100 _aHarvey, William L.
_918445
245 _aThe chief trainer:
_bit's time to rethink the chief's and sheriff's roles in promoting officer safety and defensive tactics instruction/
_cWilliam L. Harvey.
260 _aCalifornia:
_bBobit Business Media,
_c©Sept 2013-May 2016.
300 _av37 n10, pages 82-86;
_billustrations;
_c27 cm.
500 _aPolice: the law enforcement magazine.
650 _aLaw enforcement
_xSafety.
_943836
942 _2ddc
_cPER